Statistiken für Wappen der österreichischen Bundesländer

Klicken Sie hier um das Quiz zu spielen!

Allgemein

  • Dieses Quiz wurde 317 mal gespielt
  • Das Durchschnittsergebnis liegt bei 8 aus 9

Antwortstatistiken

Antwort% Korrekt
Wien
100%
Salzburg
96%
Kärnten
93%
Niederösterreich
93%
Steiermark
93%
Oberösterreich
92%
Tirol
92%
Burgenland
90%
Vorarlberg
90%

Verteilung der Resultate

Perzentil nach korrekt beantworteten Fragen

Anzahl Personen mit jedem Resultat

Ihre Resultats-Entwicklung

Sie haben dieses Quiz noch nicht gespielt